000 00767nam a2200217Ia 4500
003 IN-BaIIA
008 211028s9999 xx 000 0 eng d
040 _cIIA Library
080 _a083.8:52-76
_bGEZ
245 0 _aFar infrared supplement
_cedited by D. Y. Gezari, Marion Schmitz and Jaylee M. Meao
260 _aWashington
_bNational Aeronautics and Space Administration
_c1984
300 _a[various pagings.]
490 _aNASA reference publication; 1119
650 _aAstronomy and Astrophysics Thesaurus
650 _aCatalogue-Infrared observations
_913577
650 _aInfrared observations catalogue
_913578
700 _aGezari, D. Y., ed.
_913579
700 _aMeao, Jaylee M., ed.
_913580
700 _aSchmitz, Marion, ed.
_913581
942 _cBK
999 _c8046
_d8046